<?xml version="1.0" encoding="UTF-8"?>
<record
    xmlns:xsi="http://www.w3.org/2001/XMLSchema-instance"
    xsi:schemaLocation="http://www.loc.gov/MARC21/slim http://www.loc.gov/standards/marcxml/schema/MARC21slim.xsd"
    xmlns="http://www.loc.gov/MARC21/slim">

  <leader>00355    a2200133   4500</leader>
  <controlfield tag="005">20260313100719.0</controlfield>
  <datafield tag="020" ind1=" " ind2=" ">
    <subfield code="a">9781473915701</subfield>
  </datafield>
  <datafield tag="100" ind1=" " ind2=" ">
    <subfield code="a">DEWE,P</subfield>
  </datafield>
  <datafield tag="245" ind1=" " ind2=" ">
    <subfield code="a">Work Stress and Coping Forces of Change and Challenges</subfield>
  </datafield>
  <datafield tag="260" ind1=" " ind2=" ">
    <subfield code="a">London</subfield>
    <subfield code="b">SAGE</subfield>
    <subfield code="c">2017</subfield>
  </datafield>
  <datafield tag="300" ind1=" " ind2=" ">
    <subfield code="a">x,259p;ill;table,</subfield>
    <subfield code="b">References and Index</subfield>
    <subfield code="c">24.5cm</subfield>
  </datafield>
  <datafield tag="700" ind1=" " ind2=" ">
    <subfield code="a">COOPER,C</subfield>
  </datafield>
  <datafield tag="942" ind1=" " ind2=" ">
    <subfield code="2">ddc</subfield>
    <subfield code="c">BKS</subfield>
  </datafield>
  <datafield tag="999" ind1=" " ind2=" ">
    <subfield code="c">6801</subfield>
    <subfield code="d">6801</subfield>
  </datafield>
  <datafield tag="952" ind1=" " ind2=" ">
    <subfield code="r">2026-03-13 10:46:23</subfield>
    <subfield code="l">0</subfield>
    <subfield code="o">158.72 DEW</subfield>
    <subfield code="p">MBY001048</subfield>
    <subfield code="v">478170.00</subfield>
    <subfield code="w">2026-03-13</subfield>
    <subfield code="y">BKS</subfield>
    <subfield code="1">0</subfield>
    <subfield code="2">ddc</subfield>
    <subfield code="4">0</subfield>
    <subfield code="7">0</subfield>
    <subfield code="0">0</subfield>
    <subfield code="a">002</subfield>
    <subfield code="b">002</subfield>
    <subfield code="c">SPECIAL</subfield>
    <subfield code="d">2026-02-27</subfield>
    <subfield code="e">PURCHASE</subfield>
    <subfield code="g">159390.00</subfield>
  </datafield>
  <datafield tag="952" ind1=" " ind2=" ">
    <subfield code="r">2026-03-13 10:46:23</subfield>
    <subfield code="l">0</subfield>
    <subfield code="o">158.72 DEW</subfield>
    <subfield code="p">MBY001049</subfield>
    <subfield code="v">478170.00</subfield>
    <subfield code="w">2026-03-13</subfield>
    <subfield code="y">BKS</subfield>
    <subfield code="1">0</subfield>
    <subfield code="2">ddc</subfield>
    <subfield code="4">0</subfield>
    <subfield code="7">0</subfield>
    <subfield code="0">0</subfield>
    <subfield code="a">002</subfield>
    <subfield code="b">002</subfield>
    <subfield code="c">GEN</subfield>
    <subfield code="d">2026-02-27</subfield>
    <subfield code="e">PURCHASE</subfield>
    <subfield code="g">159390.00</subfield>
  </datafield>
  <datafield tag="952" ind1=" " ind2=" ">
    <subfield code="r">2026-03-13 10:46:23</subfield>
    <subfield code="l">0</subfield>
    <subfield code="o">158.72 DEW</subfield>
    <subfield code="p">MBY001050</subfield>
    <subfield code="v">478170.00</subfield>
    <subfield code="w">2026-03-13</subfield>
    <subfield code="y">BKS</subfield>
    <subfield code="1">0</subfield>
    <subfield code="2">ddc</subfield>
    <subfield code="4">0</subfield>
    <subfield code="7">0</subfield>
    <subfield code="0">0</subfield>
    <subfield code="a">002</subfield>
    <subfield code="b">002</subfield>
    <subfield code="c">GEN</subfield>
    <subfield code="d">2026-02-27</subfield>
    <subfield code="e">PURCHASE</subfield>
    <subfield code="g">159390.00</subfield>
  </datafield>
</record>
